Directory of trade and investmentrelated organizations of developing countries and areas in Asia and the Pacific (Record no. 44002)

MARC details
000 -LEADER
fixed length control field 00357nam a2200109Ia 4500
082 ## - DEWEY DECIMAL CLASSIFICATION NUMBER
Classification number 339.58(058)
Item number DIR
245 #0 - TITLE STATEMENT
Title Directory of trade and investmentrelated organizations of developing countries and areas in Asia and the Pacific
250 ## - EDITION STATEMENT
Edition statement Ed.9
260 ## - PUBLICATION, DISTRIBUTION, ETC. (IMPRINT)
Place of publication New York
Name of publisher United Nations
Year of publication 1999
942 ## - ADDED ENTRY ELEMENTS (KOHA)
Koha item type Books
Holdings
Withdrawn status Lost status Damaged status Not for loan Home library Current library Date acquired Source of acquisition Full call number Accession Number Koha item type
        RRII Library RRII Library 16/12/2021 Gift 339.58(058) DIR G00750 Books